[Event "AUT-ch Blitz"]
[Site "Innsbruck"]
[Date "2025.06.21"]
[Round "8"]
[White "Benedikt, Noah"]
[Black "Gerold, Alexander"]
[Result "1-0"]
[WhiteElo "2078"]
[BlackElo "1870"]
[PlyCount "69"]
[EventDate "2025.06.21"]
[EventType "swiss (blitz)"]
[EventRounds "11"]
[EventCountry "AUT"]
[SourceTitle "CB26_2025"]
[SourceDate "2025.06.25"]
[SourceVersion "1"]
[SourceVersionDate "2025.06.25"]
[SourceQuality "1"]

1. e4 d5 2. exd5 Qxd5 3. Nf3 Nf6 4. Nc3 Qa5 5. Bc4 Bf5 6. 0-0 e6 7. d3 Be7 8. Bf4 0-0 9. a3 c6 10. Re1 Nbd7 11. Nd4 Bg6 12. b4 Qd8 13. Qe2 Nb6 14. Nxe6 fxe6 15. Qxe6+ Rf7 16. Qxe7 Nxc4 17. Qxd8+ Rxd8 18. dxc4 Bxc2 19. Rac1 Bg6 20. Be3 a6 21. Red1 Re8 22. Na4 Ng4 23. Bb6 Ref8 24. Rd2 h6 25. h3 Ne5 26. Nc5 Bf5 27. Rd8 Rxd8 28. Bxd8 Bc8 29. Bb6 g5 30. Ne4 Nd3 31. Rd1 Ne5 32. Rd8+ Rf8 33. Rxf8+ Kxf8 34. Nd6 Nd7 35. Nxc8 1-0

[Event "AUT-ch Blitz"]
[Site "Innsbruck"]
[Date "2025.06.21"]
[Round "1"]
[White "Gerold, Alexander"]
[Black "Breneis, Lukas"]
[Result "0-1"]
[WhiteElo "1870"]
[BlackElo "2253"]
[PlyCount "67"]
[EventDate "2025.06.21"]
[EventType "swiss (blitz)"]
[EventRounds "11"]
[EventCountry "AUT"]
[SourceTitle "CB26_2025"]
[SourceDate "2025.06.25"]
[SourceVersion "1"]
[SourceVersionDate "2025.06.25"]
[SourceQuality "1"]

1. e4 c5 2. Nf3 e6 3. d4 cxd4 4. Nxd4 Nf6 5. Nc3 d6 6. Be2 a6 7. 0-0 Be7 8. Kh1 Qc7 9. Bg5 b5 10. Bf3 Bb7 11. a3 Nc6 12. Re1 0-0 13. g3 Ne5 14. Bg2 Nfg4 15. Be3 Nxe3 16. fxe3 Nc4 17. Rb1 Nxb2 18. Rxb2 Qxc3 19. Rb3 Qc7 20. Rf1 Bf6 21. Qd3 Rac8 22. c3 Be5 23. Ne2 Qc4 24. Qd2 Qxb3 25. Nf4 Bxf4 26. Rxf4 Qxc3 27. Qf2 Qa1+ 28. Bf1 Rc1 29. Kg2 Qb1 30. Be2 Bxe4+ 31. Kh3 e5 32. Rh4 Bg6 33. Bh5 Qf5+ 34. Bg4 0-1

[Event "AUT-ch Blitz"]
[Site "Innsbruck"]
[Date "2025.06.21"]
[Round "3"]
[White "Gerold, Alexander"]
[Black "Natter, Markus"]
[Result "0-1"]
[WhiteElo "1870"]
[BlackElo "1965"]
[PlyCount "60"]
[EventDate "2025.06.21"]
[EventType "swiss (blitz)"]
[EventRounds "11"]
[EventCountry "AUT"]
[SourceTitle "CB26_2025"]
[SourceDate "2025.06.25"]
[SourceVersion "1"]
[SourceVersionDate "2025.06.25"]
[SourceQuality "1"]

1. e4 Nc6 2. Nf3 d6 3. d4 Nf6 4. Bd3 g6 5. 0-0 Bg7 6. c4 e5 7. dxe5 dxe5 8. Nc3 0-0 9. Bg5 h6 10. Bh4 Re8 11. Nd5 g5 12. Bg3 Bg4 13. h3 Bh5 14. Re1 Nd4 15. Nxf6+ Qxf6 16. Be2 Rad8 17. Nxd4 Rxd4 18. Qc2 Bg6 19. f3 Red8 20. Rad1 Kh7 21. Rxd4 Rxd4 22. Rd1 Rxd1+ 23. Qxd1 Qb6+ 24. Kh2 Qxb2 25. Qa4 Qxe2 26. Qxa7 Qxc4 27. Qxb7 Qxa2 28. Qxc7 Qa1 29. Qe7 f5 30. Bxe5 Qxe5+ 0-1

[Event "AUT-ch Blitz"]
[Site "Innsbruck"]
[Date "2025.06.21"]
[Round "6"]
[White "Hatzl, Johannes"]
[Black "Gerold, Alexander"]
[Result "0-1"]
[WhiteElo "2098"]
[BlackElo "1870"]
[PlyCount "86"]
[EventDate "2025.06.21"]
[EventType "swiss (blitz)"]
[EventRounds "11"]
[EventCountry "AUT"]
[SourceTitle "CB26_2025"]
[SourceDate "2025.06.25"]
[SourceVersion "1"]
[SourceVersionDate "2025.06.25"]
[SourceQuality "1"]

1. d4 d5 2. Bf4 Bf5 3. c4 c6 4. Nc3 e6 5. e3 Nf6 6. Nf3 Nbd7 7. h3 Bb4 8. a3 Ba5 9. Bd3 Ne4 10. Qc2 Nxc3 11. bxc3 Bxd3 12. Qxd3 Nf6 13. 0-0 0-0 14. cxd5 exd5 15. c4 Qd7 16. Ne5 Qe6 17. Rab1 b6 18. Rfc1 Rac8 19. Bg3 Ne4 20. Bh2 f6 21. Nf3 Rfd8 22. cxd5 cxd5 23. Qa6 Rxc1+ 24. Rxc1 Qd7 25. Rc7 Qa4 26. Bf4 Qd1+ 27. Kh2 Nxf2 28. Qb7 Qh1+ 29. Kg3 Ne4+ 30. Kh4 g5+ 31. Nxg5 fxg5+ 32. Bxg5 Qe1+ 33. Kh5 Ng3+ 34. Kg4 Qe2+ 35. Kxg3 Be1+ 36. Kf4 Rf8+ 37. Ke5 Bg3+ 38. Kxd5 Qxg2+ 39. Kc4 Qc2+ 40. Kd5 Qb3+ 41. Rc4 Rf5+ 42. Ke4 Qb1+ 43. Rc2 Qxc2# 0-1